Holiday Quiz

Random Holiday or Celebrity Quiz

Valentine's Love Heart Couples Quiz Stats

 Plays Quiz Updated Apr 19, 2019

Score 0/25 Timer 07:00
3 Plays Today
% Correct
a
b
Adam & Eve
93.7%
a
b
Homer & Marge (The Simpsons)
91.1%
a
b
Cinderella & Prince Charming (Cinderella)
85.9%
a
b
Romeo & Juliet (Romeo & Juliet)
76%
a
b
John Lennon & Yoko Ono
74.6%
a
b
Ross & Rachel (Friends)
73.3%
a
b
Duke & Duchess of Cambridge
71.1%
a
b
Jack & Rose (Titanic)
70.6%
a
b
Jay-Z & Beyoncé
68.8%
a
b
David & Victoria Beckham
67.6%
a
b
John F. Kennedy & Jacqueline Kennedy
67%
a
b
Shrek & Princess Fiona (Shrek)
66.5%
a
b
Brad Pitt & Angelina Jolie
62.6%
% Correct
a
b
Edward & Bella (Twilight series)
60.2%
a
b
Tarzan & Jane (Tarzan series)
59.9%
a
b
Mark Antony & Cleopatra
56.2%
a
b
Johnny Cash & June Carter Cash
56.2%
a
b
Danny & Sandy (Grease)
56%
a
b
Mr. & Mrs. Brady (The Brady Bunch)
51.9%
a
b
Marie & Pierre Curie
43.4%
a
b
Scarlett O'Hara & Rhett Butler (Gone with the Wind)
34.2%
a
b
Elizabeth Bennet & Mr. Darcy (Pride and Prejudice)
30.2%
a
b
Lancelot & Guinevere
27.5%
a
b
Napoleon I & Josephine
14%
a
b
Abelard & Heloise
5.2%

You're not logged in!

Compare scores with friends on all Sporcle quizzes.
OR
Log In

Show Comments

Extras

Top Quizzes Today


Score Distribution

Your Account Isn't Verified!

In order to create a playlist on Sporcle, you need to verify the email address you used during registration. Go to your Sporcle Settings to finish the process.

Report this User

Report this user for behavior that violates our Community Guidelines.

Details: